000 00284nam a2200121Ia 4500
005 20251020182612.0
008 200515s9999 xx 000 0 und d
082 _aSC/678.04+691.9/Q10
110 _aQuĂ­mica Suiza
245 0 _aProductos para concreto
260 _cs.a.
942 _cLIB
999 _c3373
_d3373